000 00492nam a2200193Ia 4500
003 OSt
005 20251209102306.0
008 210210b2010 xxu||||| |||| 00| 0 eng d
040 _cAL
041 _aKonkani
082 _a891.462 KASK
100 _aKastelino, Mark
_9248408
245 _aKumsaracho apostal sam juvanv mari viyanni
_b: Konkni charitrik natak
260 _aManglur
_b-
_c2010
300 _aiv,44p
690 _aKonkani Drama
_9248418
906 _a069637
942 _2ddc
_cBK
999 _c119236
_d119236